000 00253nam a2200097Ia 4500
001 679734
005 20250826161101.0
008 250824s9999 xx 000 0 und d
245 0 _aDİKKAT KIRILACAK EŞYA
_cSEMİH GÜMÜŞ
260 _bGÜNIŞIĞI YAYINLARI
999 _c679734
_d679734